000 00575nam a2200229Ia 4500
003 OSt
005 20220918215003.0
006 a|||||r|||| 00| 0
007 ta
008 220917b |||||||| |||| 00| 0 eng d
024 _a139,622
037 _cTextual
040 _aARTS
_cARTS
_beng
041 _2eng
_aeng
082 _aY1:1.2.K8, J1;1
100 _aYusuf Husain
_9100914
245 0 _aGlimpses of medival Indian culture
260 _c1951
650 _aSOCIOLOGY
942 _hY1:1.2.K8, J1;1
_cTEXL
_2CC
999 _c262609
_d262609